Okres Bratislava vidiek

Gespeichert in:
Bibliographische Detailangaben
Format: Buch
Sprache:Slowakisch
Veröffentlicht: Bratislava : Obzor, 1986
Ausgabe:1. vyd.
Schlagworte:
Tags: Tag hinzufügen
Keine Tags, Fügen Sie das erste Tag hinzu!

MARC

LEADER 00000nam a22000003a 4500
001 stu11713
005 20150408181817.5
008 951106s1986----cs------------------slo-d
040 |a STU  |b slo 
041 0 |a slo 
044 |a cs 
245 |a Okres Bratislava vidiek 
250 |a 1. vyd. 
260 |a Bratislava :  |b Obzor,  |c 1986 
300 |a 142 s 
650 7 |a Bratislava  |2 stusub 
996 |b 284AU02175  |c A*2732 U  |l AAKNAR  |s A  |a 24  |w stu11713_0001